000 00370nam a2200157Ia 4500
008 210210b1987 xxu||||| |||| 00| 0 eng d
020 _a81 85048 05 3
082 _a589.9 VERB
100 _aVERMA (Jeevan P).
245 _aBacteria.
260 _aDelhi
_bMalhotra publishing house
_c1987
300 _a208
650 _aBacteria
690 _aBotany
906 _a043383
999 _c92689
_d92689